| 000 | 00603nam a2200217 u 4500 | ||
|---|---|---|---|
| 005 | 20230527063629.0 | ||
| 008 | 090902s2005 es r 000 0 spa d | ||
| 020 | _a8434444658 | ||
| 035 | _aUPN01000172236 | ||
| 049 | _aCG | ||
| 050 | 4 |
_aBF723 P4 _bM3.2 2005 |
|
| 100 | 1 |
_aMarina, José Antonio, _d1939- _931257 |
|
| 245 | 1 | 0 |
_aAprender a vivir / _cJosé Antonio Marina. |
| 250 | _a5a ed. | ||
| 260 |
_aBarcelona, Esp. : _bAriel, _c2005. |
||
| 300 | _a233 p. | ||
| 650 | 0 |
_aDesarrollo de la personalidad _96217 |
|
| 650 | 4 |
_aCarácter _96650 |
|
| 650 | 4 |
_aConducta de vida _94416 |
|
| 905 | _aLibro | ||
| 999 |
_c144340 _d144340 |
||